01442nam a22002417a 45000010005000000030006000050050017000110080041000280400029000690500008000980820011001061000045001172450113001622600028002753000049003035050008003525200479003605200261008395210029011005210020011296500035011496500016011848092FISKH20251128081735.0250822b cb ||||| |||| 00| 0 eng d aFISKHbkhrcFISKHdFISKH aPZ7 a895.92 aMinistry of Education, Youth and Sports  aកំហុសខ្ញុំ /cក្រសួងអប់រំ យុវជន និងកីឡា​ aភ្នំពេញ : a16 pages : bcolor illustrations ;c25 cm .  aJ  aឆើត ណាល់ និងតី ជាមិត្តរួមថ្នាក់​ ។ឆើតចូលចិត្តបន្លាចគេ។​ ថ្ងៃមួយឆើតត្រូវពោះចឺក តែ ណាល់ និងតី មិនបានជួយទេព្រោះគិតថាឆើតនិយាយលេង។​ ឆើតនិងតីក៏នឺកស្តាយកំហុសមិនបានជួយឆើត ។​  aChheut, Nal, and Tey were classmates and friends. Chheut liked to prank others. One day, Chheut was bitten by a snake, but Nal and Tey didn’t help him because they thought he was joking. Later, Nal and Tey regretted their mistake for not helping Chheut.8 a500 bLexile estimate 8 aJ bRaz-Plus  aកំហុសខ្ញុំ aMy mistake